000 00755nam a2200169 i 4500
001 172984
003 ES-MaACL
005 20230906215110.0
008 091001s1874 sp |||| | spa d
080 _a821.134.2-23"18"
100 0 _aCatalina, Mariano.
_937037
245 1 0 _aNo hay buen fin por mal camino
_b: drama en tres actos y en verso /
_coriginal de Mariano Catalina.
260 _aMadrid :
_b[s.n.],
_c1874 (
_fImpr. de Ricardo P. Infante)
300 _a83 p. ;
_c18 cm.
500 _aEn port.: Representóse con éxito en el teatro de Apolo, la noche del 6 de mayo de 1874.
852 _aES-MaACL
_jF-8601(2)
_zEnc. en un vol. faciticio formando parte de la col. facticia "Teatro Español moderno", vol. 54
_z.- Firma deGustavo Sáenz Diez, 1877
999 _c172984
_d172984